Linguistics : (Record no. 142965)

MARC details
000 -LEADER
fixed length control field 00624nam a22002057a 4500
005 - DATE AND TIME OF LATEST TRANSACTION
control field 20170728145820.0
010 ## - LCCN (DPL NO)
LC control number ENG-119457
020 ## - INTERNATIONAL STANDARD BOOK NUMBER
International Standard Book Number 9788125056365
Terms of availability 95.00
035 ## - SYSTEM CONTROL NUMBER
System control number EN-102989
037 ## - SOURCE OF ACQUISITION
Source of stock number/acquisition DBAD/PUB
082 ## - DEWEY DECIMAL CLASSIFICATION NUMBER
Classification number 401
245 ## - TITLE STATEMENT
Title Linguistics :
Statement of responsibility, etc edited by Ashok Chaskar, Sanjay Pagre [and] Arjun Jadjav
Remainder of title an introduction /
260 ## - PUBLICATION, DISTRIBUTION, ETC. (IMPRINT)
Place of publication, distribution, etc Hydrabad
Name of publisher, distributor, etc Orient BlackSwan
Date of publication, distribution, etc 2015
270 ## - ADDRESS
Address 3-6-752,Himayat Nagar
City Hydrabad (Telagana)
Postal code 500029
300 ## - PHYSICAL DESCRIPTION
Extent 139p.
Other physical details 22cm(pbk)
700 ## - ADDED ENTRY--PERSONAL NAME
Personal name Chaskar,Ashok
700 ## - ADDED ENTRY--PERSONAL NAME
Personal name Pagre,Sanjay
700 ## - ADDED ENTRY--PERSONAL NAME
Personal name Jadjav,Arjun
942 ## - ADDED ENTRY ELEMENTS (KOHA)
Source of classification or shelving scheme Dewey Decimal Classification
Item type English Books
Call number suffix LIN
Classification part 401
Holdings
Withdrawn status Lost status Not for loan Collection code Home library Current library Date acquired Source of acquisition Cost, normal purchase price Full call number Barcode Copy number Cost, replacement price Koha item type
      Non-fiction Bawana Bawana 28/07/2017 DBAD/PUB 95.00 401 LIN EN-102989 1 95.00 English Books

© Delhi Public Library
Hit Counter
free hit counter